LIBRARY & INFORMATION CENTRE, KCAET, TAVANUR

ONLINE PUBLIC ACCESS CATALOGUE (OPAC)

Indian journal of English studies Vol-l / (Record no. 11891)

MARC details
000 -LEADER
fixed length control field 00542cam a2200193ua 4500
041 ## - LANGUAGE CODE
Language code of text/sound track or separate title eng
082 ## - DEWEY DECIMAL CLASSIFICATION NUMBER
Classification number 828.09
Item number THE/IN
100 ## - MAIN ENTRY--AUTHOR NAME
Personal name The indian association for , english studies .
245 ## - TITLE STATEMENT
Title Indian journal of English studies Vol-l /
260 ## - PUBLICATION, DISTRIBUTION, ETC. (IMPRINT)
Place of publication Bombay :
Name of publisher orient longmans ,
Year of publication 1961.
300 ## - PHYSICAL DESCRIPTION
Number of Pages 147 ;
Accompanying material `.
942 ## - ADDED ENTRY ELEMENTS (KOHA)
Koha item type Books
Holdings
Withdrawn status Lost status Damaged status Home library Current library Date acquired Full call number Accession Number Koha item type
Withdrawn     KAUAET Malayalam University 07/04/2012 828.09 4057 Books
Withdrawn     KAUAET Sanskrit University 07/04/2012 828.09 4056 Books
Withdrawn     KAUAET Sanskrit University 07/04/2012 828.09 4055 Books
free website counter